[Event "Randers zt-A"]
[Site "Randers"]
[Date "1982.??.??"]
[Round "10"]
[White "Olafsson, Helgi"]
[Black "Lobron, Eric"]
[Result "1/2-1/2"]
[WhiteElo "2430"]
[BlackElo "2440"]

1.e4 c5 2.Nf3 e6 3.d4 cxd4 4.Nxd4 a6 5.Bd3 g6 6.c4 Bg7 7.Be3 Nf6 8.Nc3 d6
9.O-O O-O 10.Qe2 Qc7 11.Rfd1 Nbd7 12.Rac1 b6 13.f3 Bb7 14.Qf2 Rac8 15.Bf1 Qb8
16.b4 Rfe8 17.Nb3 Ne5 18.c5 dxc5 19.bxc5 bxc5 20.Bxc5 Rc6 21.Be2 Rec8 22.Na4 Bh6
23.Ba7 Qc7 24.Rxc6 Bxc6 25.Bb6 Qb8 26.Nc3 Bb5 27.Nxb5 axb5 28.Ba7 Qc7 29.Bd4 b4
30.Qg3 Qc2 31.Qxe5 Qxe2 32.Qxf6 Be3+ 33.Bxe3 Qxd1+ 34.Kf2 Rc2+ 35.Nd2 Rxd2+
36.Bxd2 Qxd2+ 37.Kg3 g5 38.h3 h5 39.Qe7 Qf4+ 40.Kf2 Qd2+ 41.Kg3 Kg7 42.Qc5 Kf6
43.Kh2 h4 44.Qf8 Ke5 45.Qc5+ Kf4 46.Qe7 Ke5 47.Qc5+ Kf6  1/2-1/2

[Event "Rostock"]
[Site "Rostock"]
[Date "1982.??.??"]
[Round "?"]
[White "Lanc, Alois"]
[Black "Neukirch, Detlef"]
[Result "0-1"]
[WhiteElo "2395"]
[BlackElo "2365"]

1.e4 c5 2.Nf3 e6 3.d4 cxd4 4.Nxd4 a6 5.Bd3 Nc6 6.Nxc6 dxc6 7.O-O e5 8.Nd2 Qc7
9.a4 Bc5 10.Qh5 Nf6 11.Qg5 O-O 12.Nc4 Re8 13.a5 h6 14.Qh4 Nh7 15.Qg3 Kh8
16.Kh1 Nf6 17.Qh4 Be7 18.Qg3 Bc5 19.Bd2 Qe7 20.h3 Nh5 21.Qf3 Nf6 22.Bc3 Bd6
23.Nxd6 Qxd6 24.Kh2 Qc7 25.g4 c5 26.Bc4 Be6 27.Qe2 Rad8 28.Rad1 Rd4 29.Bxd4 exd4+
30.Kg1 Bxg4 31.f3 Bxh3 32.Rf2 Re5 33.Rh2 Rg5+ 34.Kh1 Nh5 35.Rg1 Ng3+ 36.Rxg3 Rxg3
37.e5 Qxa5 38.Qd1 Qc7 39.Qe1 Rxf3 40.Bd5 Re3  0-1

[Event "Rostock"]
[Site "Rostock"]
[Date "1982.??.??"]
[Round "?"]
[White "Lanc, Alois"]
[Black "Heinig, Wolfram"]
[Result "1-0"]
[WhiteElo "2395"]
[BlackElo "2345"]

1.e4 c5 2.Nf3 e6 3.d4 cxd4 4.Nxd4 a6 5.Bd3 Nf6 6.O-O d6 7.c4 Be7 8.Qe2 Nc6
9.Nxc6 bxc6 10.Re1 e5 11.Nd2 O-O 12.Nf1 a5 13.Bd2 Nd7 14.Bc3 Nc5 15.Bc2 Qb6
16.Ne3 Rd8 17.Rad1 Be6 18.g3 Bf8 19.h4 a4 20.Kh2 a3 21.b3 Na6 22.f4 f6 23.f5 Bf7
24.g4 Nb4 25.Bxb4 Qxb4 26.g5 d5 27.exd5 cxd5 28.g6 Be8 29.Nxd5 Rxd5 30.Rxd5 Rc8
31.Be4 h6 32.Red1 Be7 33.Qf3 Kf8 34.R5d3 Qb8 35.Kh3 Bc5 36.Bd5 Bd4 37.Qg4 Bd7
38.Be4 Qb6 39.Qg2 Rd8 40.Qd2 Qc5 41.Kg4 Ke7 42.h5 Bc8 43.Rc1 Qa7 44.b4 Bd7
45.b5 Qc5 46.Qc2 Rc8 47.Qb3 Bb2 48.Rcd1 Be8 49.Bd5 Bd7 50.b6 Qf2 51.Bf3 Bd4
52.b7 Rb8 53.Rxd4 exd4 54.Qb4+ Kd8 55.Qa5+ Ke8 56.Re1+ Kf8 57.Qc5+ Kg8 58.Bd5+  1-0

[Event "DDR-ch 31th"]
[Site "Salzwedel"]
[Date "1982.??.??"]
[Round "9"]
[White "Enders, Peter"]
[Black "Vogt, Lothar"]
[Result "0-1"]
[WhiteElo "2315"]
[BlackElo "2495"]

1.e4 c5 2.Nf3 e6 3.d4 cxd4 4.Nxd4 a6 5.Bd3 Nf6 6.O-O d6 7.Be3 Be7 8.f4 Nbd7
9.Nc3 Qc7 10.Kh1 O-O 11.g4 b5 12.g5 Ne8 13.Qh5 b4 14.Nce2 g6 15.Qh6 e5 16.Nf5 Nc5
17.Nxe7+ Qxe7 18.f5 gxf5 19.Bxc5 dxc5 20.exf5 Bb7+ 21.Kg1 c4 22.g6 Nf6 23.gxh7+ Kh8
24.h3 cxd3 25.Kh2 Qd6  0-1

[Event "Smederevska Palanka"]
[Site "Smederevska Palanka"]
[Date "1982.??.??"]
[Round "10"]
[White "Sax, Gyula"]
[Black "Martinovic, Slobodan"]
[Result "1-0"]
[WhiteElo "2550"]
[BlackElo "2460"]

1.e4 c5 2.Nf3 e6 3.d4 cxd4 4.Nxd4 a6 5.Bd3 Nf6 6.O-O d6 7.f4 Be7 8.c4 e5
9.Nc2 exf4 10.Bxf4 Ng4 11.Nc3 O-O 12.Nd5 Bg5 13.Nd4 Bxf4 14.Rxf4 Nc6 15.Nf5 Bxf5
16.exf5 Nf6 17.Be4 Re8 18.Bf3 Ne5 19.b3 Rb8 20.h3 h6 21.Rc1 Ned7 22.Rd4 Ne5
23.Rc3 b6 24.Rc2 Nxd5 25.Bxd5 Qf6 26.Rf2 Rbd8 27.Be4 Re7 28.b4 Rc7 29.Rc2 Qg5
30.Kh1 Rcd7 31.Rcd2 Qe3 32.f6 g6 33.Bc2 Qg5 34.Rf2 Nc6 35.Rg4 Qh5 36.Rf5 g5
37.Rgxg5+ Qxg5 38.Rxg5+ hxg5 39.Qh5 Ne5 40.Qh6  1-0

[Event "BUL-ch (Women)"]
[Site "Sofia"]
[Date "1982.??.??"]
[Round "5"]
[White "Asenova, Venka"]
[Black "Danova, Tanja"]
[Result "1-0"]
[WhiteElo "2060"]
[BlackElo "1895"]

1.e4 c5 2.Nf3 e6 3.d4 cxd4 4.Nxd4 a6 5.Bd3 Qc7 6.c4 Nf6 7.O-O Nc6 8.Nxc6 dxc6
9.Nc3 Be7 10.f4 e5 11.f5 Bc5+ 12.Kh1 Bd7 13.Qe2 Bd4 14.Be3 Bxc3 15.bxc3 c5
16.Rab1 O-O 17.Bg5 Bc6 18.Bxf6 gxf6 19.Rf3 Kh8 20.Rh3 Rg8 21.Rf1 Rg5 22.Rff3 Rag8
23.Rf2 Qa5 24.Qe1 Qd8 25.Rd2 Rg4 26.Be2 Qxd2 27.Qxd2 Rxg2 28.Qe1  1-0

[Event "Vrnjacka Banja"]
[Site "Vrnjacka Banja"]
[Date "1982.??.??"]
[Round "6"]
[White "Rogulj, Branko"]
[Black "Velikov, Petar"]
[Result "1/2-1/2"]
[WhiteElo "2435"]
[BlackElo "2470"]

1.e4 c5 2.Nf3 e6 3.d4 cxd4 4.Nxd4 a6 5.Bd3 Bc5 6.c3 Nc6 7.Nc2 Nf6 8.Be3 Bxe3
9.Nxe3 d5 10.Nd2 dxe4 11.Nxe4 Ne5 12.Nxf6+ gxf6 13.Be2 Qxd1+ 14.Rxd1 Bd7
15.f4 Ng6 16.O-O Ke7 17.Bf3 Nxf4 18.Bxb7 Ra7 19.Rxf4 Rxb7 20.Rd2 h5 21.Kf1 Rhb8
22.Rff2 Bc6 23.Ke1 f5 24.Nc4 Rc7 25.Ne5 Bd5 26.Rxd5 exd5 27.Nf3 f4 28.Nd4 f6
29.Rd2 Kf7 30.Kf2 Rcb7  1/2-1/2

[Event "Vrnjacka Banja"]
[Site "Vrnjacka Banja"]
[Date "1982.??.??"]
[Round "15"]
[White "Lazic, Dragoljub"]
[Black "Velikov, Petar"]
[Result "0-1"]
[WhiteElo "2285"]
[BlackElo "2470"]

1.e4 c5 2.Nf3 e6 3.d4 cxd4 4.Nxd4 a6 5.Bd3 Qc7 6.f4 Bc5 7.Nb3 Ba7 8.Qe2 Nc6
9.Be3 Bxe3 10.Qxe3 Nf6 11.Nc3 d6 12.a4 b6 13.O-O Bb7 14.Rae1 Nb4 15.Qg3 O-O
16.Re2 Bc6 17.Kh1 Nxd3 18.cxd3 b5 19.axb5 axb5 20.e5 dxe5 21.fxe5 Nd7 22.Nd4 b4
23.Ne4 Bxe4 24.Rxe4 Ra2 25.b3 Qc3 26.Rg4 g6 27.Nxe6 Ra1  0-1

[Event "Yerevan"]
[Site "Yerevan"]
[Date "1982.??.??"]
[Round "4"]
[White "Georgiev, Krum"]
[Black "Farago, Ivan"]
[Result "1/2-1/2"]
[WhiteElo "2465"]
[BlackElo "2485"]

1.e4 c5 2.Nf3 e6 3.d4 cxd4 4.Nxd4 a6 5.Bd3 Nc6 6.Nxc6 dxc6 7.O-O e5 8.Nd2 Nf6
9.Nc4 Qc7 10.a4 Bc5 11.a5 Be6 12.Qe2 O-O 13.Bg5 Nd7 14.c3 f6  1/2-1/2

[Event "Aarhus"]
[Site "Aarhus"]
[Date "1983.??.??"]
[Round "3"]
[White "Van der Wiel, John TH"]
[Black "Jansa, Vlastimil"]
[Result "1/2-1/2"]
[WhiteElo "2530"]
[BlackElo "2440"]

1.e4 c5 2.Nf3 e6 3.d4 cxd4 4.Nxd4 a6 5.Bd3 Nf6 6.O-O Qc7 7.c4 Bc5 8.Nb3 Ba7
9.Nc3 Nc6 10.c5 O-O 11.Bg5 Ne5 12.Rc1 d6 13.Bxf6 gxf6 14.f4 Nxd3 15.Qxd3 dxc5
16.Qg3+ Kh8 17.Qh4 Rg8 18.Rf3 Bd7 19.Qxf6+ Rg7 20.Rg3 Rg8 21.Rxg7 Rxg7 22.Ne2 c4+
23.Kh1 Kg8 24.Rxc4 Bc6 25.Nbd4 Qd7 26.Qe5 f6 27.Qxe6+ Qxe6 28.Nxe6 Rd7 29.h4 Rd2
30.Ng3 Rxb2 31.Nf5 Bd7 32.Nh6+ Kh8 33.f5 Bc6 34.Nf7+ Kg8 35.Nfd8 Bb8 36.g3 Bxg3
37.Nxc6 bxc6 38.Rxc6 Rxa2 39.Rc8+ Kf7 40.Rc7+ Ke8 41.Rxh7 Rh2+ 42.Kg1 Rxh4
43.Nc7+ Kd8 44.Rxh4 Bxh4 45.Nxa6 Kd7 46.Nb4 Kd6 47.Nd3 Bg5 48.Kf2 Bd2 49.Kf3 Bc3
50.Kg4 Ke7 51.Kh5 Kf7 52.Kh6 Bd2+ 53.Kh7 Be3 54.Ne1 Bf4 55.Kh8 Kf8 56.Nc2 Bd2
57.Nd4 Bc3 58.Nf3 Ke7 59.Nh2 Kd6 60.Ng4 Kc5 61.Kg8 Kd4 62.Nxf6 Ke5 63.Kf7 Bd4
64.Kg6 Bb2  1/2-1/2

[Event "Albena"]
[Site "Albena"]
[Date "1983.??.??"]
[Round "?"]
[White "Kruszynski, Wlodzimierz"]
[Black "Farago, Ivan"]
[Result "1/2-1/2"]
[WhiteElo "2435"]
[BlackElo "2495"]

1.e4 c5 2.Nf3 e6 3.d4 cxd4 4.Nxd4 a6 5.Bd3 Nf6 6.O-O d6 7.c4 Be7 8.Nc3 O-O
9.Be3 Nbd7 10.Rc1 Qc7 11.f3 b6 12.Qd2 Bb7 13.Rfd1 Rac8 14.Bf1 Qb8 15.Kh1 Rfe8
16.Bg1 Bd8 17.b3 Bc7 18.Rc2 Kh8 19.b4 Rg8 20.Nb3 g5 21.h3 Rg6 22.Bh2 Ne8
23.a4 h5 24.Ne2 Kg8 25.Rb1 Qa8 26.Qe3 a5 27.bxa5 bxa5  1/2-1/2

[Event "Albena"]
[Site "Albena"]
[Date "1983.??.??"]
[Round "?"]
[White "Stoica, Valentin"]
[Black "Velikov, Petar"]
[Result "1/2-1/2"]
[WhiteElo "2440"]
[BlackElo "2460"]

1.e4 c5 2.Nf3 e6 3.d4 cxd4 4.Nxd4 a6 5.Bd3 Nf6 6.O-O Qc7 7.Be3 d5 8.Nc3 dxe4
9.Nxe4 Be7 10.Nxf6+ Bxf6 11.Qh5 Bd7 12.Be4 Nc6 13.Rad1 g6 14.Qf3 Bxd4 15.Bxd4 Nxd4
16.Rxd4 O-O 17.Qf6 Bc6 18.Bxc6 Qxc6 19.c3 Qb5 20.h4 h5 21.b3 Qa5 22.Rd7 Qxa2
23.Rxb7 Rab8 24.Rxb8 Rxb8 25.b4 Qd5 26.Ra1 Qd3 27.Re1 Rb5 28.Qf3 Qxf3 29.gxf3 a5
30.Rb1 axb4 31.cxb4 Kf8 32.Kf1 Ke7 33.Ke2 Kd6 34.f4 Kc6 35.Ke3  1/2-1/2

[Event "Elekes mem-A"]
[Site "Budapest"]
[Date "1983.??.??"]
[Round "?"]
[White "Utasi, Tamas"]
[Black "Tokaji, Nagy Gyorgy"]
[Result "1/2-1/2"]
[WhiteElo "2340"]
[BlackElo "2260"]

1.e4 c5 2.Nf3 e6 3.d4 cxd4 4.Nxd4 a6 5.Bd3 Nf6 6.O-O Qc7 7.c4 Nc6 8.Be3 Ne5
9.h3 Nxd3 10.Qxd3 d6 11.Nc3 Be7 12.Nf3 b6 13.Na4 Nd7 14.Rfd1 Nc5 15.Nxc5 dxc5
16.Rd2 O-O 17.Rad1 h6 18.Qb3 e5 19.Rd5 f6 20.Nh4 Be6 21.Nf5 Rf7 22.Bc1 b5
23.Qg3 Kh7 24.h4 Bf8 25.h5 bxc4 26.f4 Kh8 27.Qg6 exf4 28.Qg4 Bxd5 29.exd5 Re8
30.d6 Qd7 31.Bxf4 Re4 32.Kh2  1/2-1/2

[Event "Buenos Aires"]
[Site "Buenos Aires"]
[Date "1983.??.??"]
[Round "2"]
[White "Cuasnicu, Oscar"]
[Black "Giardelli, Sergio C"]
[Result "1/2-1/2"]
[WhiteElo "2390"]
[BlackElo "2430"]

1.e4 c5 2.Nf3 e6 3.d4 cxd4 4.Nxd4 a6 5.Bd3 Nf6 6.O-O Qc7 7.Nc3 d6 8.f4 Nc6
9.Nf3 Be7 10.Qe1 Nb4 11.Qg3 g6 12.Bd2 Bd7 13.Rae1 O-O 14.f5 Nxd3 15.cxd3 Qb6+
16.Rf2 Qxb2 17.Rb1 Qa3 18.Rb3 Qc5 19.d4 Qc4 20.Bg5 exf5 21.Qh4 fxe4 22.Nd2 Qxd4
23.Bxf6 Bxf6 24.Qxf6 Qxf6 25.Rxf6 e3 26.Nf3 Be6 27.Rb2 Rac8 28.Ne2 Rc4 29.Nfd4 Rfc8
30.h3 Re8 31.Rxb7  1/2-1/2

[Event "Buenos Aires-B"]
[Site "Buenos Aires"]
[Date "1983.??.??"]
[Round "6"]
[White "Bronstein, Luis"]
[Black "Giardelli, Sergio C"]
[Result "1-0"]
[WhiteElo "2415"]
[BlackElo "2430"]

1.e4 c5 2.Nf3 e6 3.d4 cxd4 4.Nxd4 a6 5.Bd3 Nc6 6.Nxc6 bxc6 7.O-O e5 8.c4 Bc5
9.Nd2 d6 10.Nb3 Bb6 11.c5 dxc5 12.Be3 Nf6 13.Bxc5 Bxc5 14.Nxc5 O-O 15.Be2 Qb6
16.Qc2 Rd8 17.Rfd1 Rxd1+ 18.Rxd1 h6 19.h3 a5 20.Qc3 Qc7 21.Qd2 Bb7 22.Qd6 Qb6
23.Qxe5 Re8 24.Qd4 Bc8 25.b3 Nh7 26.Bc4 Nf8 27.e5 Qb4 28.Ne4 Be6 29.Nd6 Rd8
30.Bxe6 Nxe6 31.Qxb4 axb4 32.Rd2 g5 33.g3 Kh7 34.Kf1 Kg6 35.Ke2 Ra8 36.Ke3 Nc7
37.f4 Nd5+ 38.Kf3 Nc3 39.f5+ Kg7 40.Rd4 Nxa2 41.Kg4 Nc1 42.Re4 Nxb3 43.Rxb4 Nc5
44.Kh5 Nd7 45.f6+ Kg8 46.Kxh6 Nxe5 47.Kxg5 c5 48.Re4 Ng6 49.Re7 Ra3 50.Re8+ Kh7
51.Nxf7 c4 52.Rc8 Ra5+ 53.Kg4 Ra6 54.Ng5+ Kh6 55.Nf7+ Kh7 56.Ng5+ Kh6 57.Rc7 Nf8
58.Rf7 Ra8 59.Rg7  1-0

[Event "Frunze"]
[Site "Frunze"]
[Date "1983.??.??"]
[Round "?"]
[White "Tseshkovsky, Vitaly"]
[Black "Velikov, Petar"]
[Result "0-1"]
[WhiteElo "2560"]
[BlackElo "2475"]

1.e4 c5 2.Nf3 e6 3.d4 cxd4 4.Nxd4 a6 5.Bd3 Nf6 6.O-O d6 7.c4 Be7 8.Nc3 O-O
9.Be3 b6 10.Qe2 Bb7 11.Rfd1 Nbd7 12.Rac1 Qc7 13.Bb1 Rac8 14.b3 Rfe8 15.f3 Qb8
16.Qf2 Bf8 17.Kh1 Rcd8 18.Nde2 Ba8 19.Bd3 Rc8 20.Rb1 Nc5 21.Bc2 Ncd7 22.b4 Ne5
23.Bxb6 Nxc4 24.Ba7 Qc7 25.b5 axb5 26.Nxb5 Qa5 27.a4 d5 28.Bd4 e5 29.Bc3 Qa6
30.exd5 Nxd5 31.Bb3 Nce3 32.Rd3 Qg6 33.Rbd1 Nxd1 34.Rxd1 Bc5 35.Qg3 Qxg3
36.Nxg3 Nxc3 37.Nxc3 Red8 38.Rb1 Be3  0-1

[Event "Frunze"]
[Site "Frunze"]
[Date "1983.??.??"]
[Round "?"]
[White "Dolmatov, Sergey"]
[Black "Velikov, Petar"]
[Result "1-0"]
[WhiteElo "2550"]
[BlackElo "2475"]

1.e4 c5 2.Nf3 e6 3.d4 cxd4 4.Nxd4 a6 5.Bd3 Bc5 6.Nb3 Ba7 7.O-O Nc6 8.Qg4 Qf6
9.Nc3 h5 10.Qe2 d6 11.Be3 Bxe3 12.Qxe3 Qe7 13.Be2 Nf6 14.Rad1 Kf8 15.Qd2 Ne8
16.f4 g6 17.a4 Bd7 18.a5 Rd8 19.Na4 d5 20.Qc3 Ng7 21.Nac5 Be8 22.exd5 exd5
23.Bf3  1-0

[Event "Bundesliga 8283"]
[Site "Germany"]
[Date "1983.??.??"]
[Round "?"]
[White "Stertenbrink, Guenter"]
[Black "Gerusel, Mathias"]
[Result "0-1"]
[WhiteElo "2225"]
[BlackElo "2390"]

1.e4 c5 2.Nf3 e6 3.d4 cxd4 4.Nxd4 a6 5.Bd3 g6 6.c4 Bg7 7.Be3 Ne7 8.O-O d6
9.Nc3 Nd7 10.Qd2 O-O 11.Rfd1 Qc7 12.Rac1 b6 13.Bf1 Rd8 14.Bg5 Bf8 15.Nf3 Nc5
16.e5 Nb7 17.Qf4 Bg7 18.exd6 Rxd6 19.Rxd6 Nxd6 20.Ne4 Nef5 21.Rd1 e5 22.Nxe5 h6
23.Nf6+ Kh8 24.Rxd6 Nxd6 25.Bxh6 Qe7 26.Bg5 Nf5 27.Neg4 Bb7 28.Nd5 Qd6 29.Qxd6 Nxd6
30.Nxb6 Re8 31.b4 Ne4 32.Bf4 g5 33.Bc1 Bd4 34.Be3 Bc3 35.f3 f5 36.fxe4 fxg4
37.Nd5 Bxd5 38.cxd5 Rxe4 39.Bxg5 Bd4+ 40.Kh1 Re1 41.h3 g3  0-1

[Event "Hamar op"]
[Site "Hamar"]
[Date "1983.??.??"]
[Round "3"]
[White "Hakki, Imad"]
[Black "Bass, Leonid"]
[Result "1/2-1/2"]
[WhiteElo "2305"]
[BlackElo "2405"]

1.e4 c5 2.Nf3 e6 3.d4 cxd4 4.Nxd4 a6 5.Bd3 Nf6 6.O-O d6 7.c4 g6 8.Nc3 Bg7
9.Be3 O-O 10.Rc1 b6 11.Kh1 Re8 12.Re1 Bb7 13.f3 Nbd7 14.Qd2 Rc8 15.b3 Qc7
16.Bf1 Qb8 17.Bh6 Red8 18.Bxg7 Kxg7 19.Nc2 Qc7 20.Ne3 Qc5 21.Red1  1/2-1/2

[Event "Havana-B"]
[Site "Havana"]
[Date "1983.??.??"]
[Round "2"]
[White "Rodriguez, Amador"]
[Black "Ortega, Lexy"]
[Result "1-0"]
[WhiteElo "2475"]
[BlackElo "2425"]

1.e4 c5 2.Nf3 e6 3.d4 cxd4 4.Nxd4 a6 5.Bd3 Nf6 6.O-O d6 7.c4 Be7 8.Nc3 O-O
9.Kh1 b6 10.f4 Bb7 11.Qe2 Re8 12.Bd2 Nbd7 13.Rae1 Nc5 14.Bb1 d5 15.cxd5 exd5
16.e5 Nfe4 17.Nxe4 Nxe4 18.Be3 f6 19.e6 Bc5 20.f5 Qe7 21.Rd1 g6 22.Qg4 Qg7
23.Rf3 Rad8 24.Qh4 g5 25.Qe1 Bd6 26.Rh3 Be5 27.Qe2 Rc8 28.Nb3 Nc5 29.Nd4 Re7
30.Rh5 Ne4 31.Nf3 d4 32.Bxd4  1-0

[Event "Havana"]
[Site "Havana"]
[Date "1983.??.??"]
[Round "5"]
[White "Zaitsev, Igor A"]
[Black "Palacios, Antonio"]
[Result "1-0"]
[WhiteElo "2445"]
[BlackElo "2345"]

1.e4 c5 2.Nf3 e6 3.d4 cxd4 4.Nxd4 a6 5.Bd3 Nc6 6.Nxc6 bxc6 7.O-O d5 8.c4 Nf6
9.Nc3 Be7 10.Qc2 h6 11.cxd5 cxd5 12.exd5 exd5 13.Be3 O-O 14.Rfd1 Bd6 15.Bf5 Be6
16.Bd4 Rc8 17.Qd3 Ng4 18.h3 Nh2 19.Re1 Qg5 20.Rxe6 fxe6 21.Bxe6+ Kh8 22.Bxc8 Nf3+
23.Kh1 Nxd4 24.Qxd4 Rxc8  1-0

[Event "URS-ch U26"]
[Site "Jurmala"]
[Date "1983.??.??"]
[Round "?"]
[White "Kengis, Edvins"]
[Black "Zaichik, Gennadi"]
[Result "1/2-1/2"]
[WhiteElo "2445"]
[BlackElo "2480"]

1.e4 c5 2.Nf3 e6 3.d4 cxd4 4.Nxd4 a6 5.Bd3 g6 6.Nc3 Bg7 7.Be3 d6 8.Qd2 Nc6
9.Nb3 d5 10.exd5 exd5 11.O-O-O Be6 12.Be2 Nge7 13.Bh6 Bxh6 14.Qxh6 Qb6 15.Qe3 Qxe3+
16.fxe3 O-O-O 17.Bf3 Ne5 18.Rhe1 h5 19.Nd4 N7c6 20.Nde2 Ng4 21.Bxd5 Bxd5
22.Nxd5 Nxh2 23.Nec3 Ng4  1/2-1/2

[Event "URS-ch U26"]
[Site "Jurmala"]
[Date "1983.??.??"]
[Round "?"]
[White "Kengis, Edvins"]
[Black "Kharitonov, Andrei Y"]
[Result "1/2-1/2"]
[WhiteElo "2445"]
[BlackElo "2440"]

1.e4 c5 2.Nf3 e6 3.d4 cxd4 4.Nxd4 a6 5.Bd3 Nf6 6.O-O Qc7 7.Qe2 d6 8.c4 Be7
9.Nc3 Nbd7 10.f4 O-O 11.Nf3 g6 12.Kh1 b6 13.Bd2 Bb7 14.Rae1 Rfe8 15.e5 Nh5
16.f5 dxe5 17.fxe6 fxe6 18.Be4 Bxe4 19.Qxe4 Rad8 20.Qg4 Ng7 21.Bg5 Nf5 22.Ne4 Kg7
23.b3 Bxg5 24.Nfxg5 Nc5 25.Nxc5  1/2-1/2

[Event "Lvov"]
[Site "Lvov"]
[Date "1983.??.??"]
[Round "?"]
[White "Mikhalchishin, Adrian"]
[Black "Dorfman, Josif D"]
[Result "1-0"]
[WhiteElo "2465"]
[BlackElo "2540"]

1.e4 c5 2.Nf3 e6 3.d4 cxd4 4.Nxd4 a6 5.Bd3 Ne7 6.Nc3 Nec6 7.Nb3 Be7 8.Qh5 d6
9.Be3 Nd7 10.f4 b5 11.O-O-O b4 12.Na4 e5 13.f5 O-O 14.g4 Nf6 15.Qh3 Nd7 16.Qh5 Nf6
17.Qh3 Nd7 18.Rhg1 Bg5 19.Bc4 Bxe3+ 20.Qxe3 Qc7 21.Qd3 Nd4 22.Nxd4 exd4 23.Qxd4 Ne5
24.Be2 Qa5 25.b3 Bb7 26.Qb6 Qxb6 27.Nxb6 Rad8 28.Rd4 a5 29.Rgd1 Rfe8 30.Bb5 Re7
31.Rxd6 Rxd6 32.Rxd6 h5 33.Nd5 Bxd5 34.exd5 hxg4 35.Rd8+ Kh7 36.d6 Rb7 37.d7 Rxb5
38.Rh8+ Kxh8 39.d8=Q+ Kh7 40.Qh4+ Kg8 41.Qd8+ Kh7 42.f6 gxf6 43.Qxf6 Kg8
44.Qa6 Rc5 45.Qd6 Rb5 46.c4 bxc3 47.a4  1-0

[Event "Marshall CC-ch"]
[Site "New York"]
[Date "1983.??.??"]
[Round "3"]
[White "Gebran, N."]
[Black "McKelvie, N."]
[Result "1/2-1/2"]
[WhiteElo "1965"]
[BlackElo "2370"]

1.e4 c5 2.Nf3 e6 3.d4 cxd4 4.Nxd4 a6 5.Bd3 Nf6 6.O-O d6 7.c4 Be7 8.Nc3 O-O
9.Qe2 b6 10.f4 Bb7 11.f5 Nc6 12.Nxc6 Bxc6 13.fxe6 fxe6 14.b3 Nd7 15.Rxf8+ Qxf8
16.Be3 Bf6 17.Qc2 Be5 18.Rf1 Qe7 19.Ne2 Bb7 20.Nd4 Rf8 21.Rxf8+ Qxf8 22.Nxe6 Qf6
23.Ng5 Bd4 24.Bxd4 Qxd4+ 25.Qf2 Qa1+ 26.Bf1 Qf6 27.Qxf6 gxf6 28.Ne6 Bxe4
29.Nc7 a5 30.Ne8 d5 31.cxd5 Kf8 32.Nc7 Ke7 33.Bc4 f5 34.Nb5 Nf6 35.Nc3 Kd6
36.h3 Bxd5 37.Nxd5 Nxd5 38.Kf2 Nc3 39.a4 Ke5 40.Ke3 h6 41.g4 fxg4 42.hxg4 Ne4
43.Be2 Nf6 44.Bf3 Nd7 45.Be2 Nc5 46.Bc4 Ne4 47.Be2 Nd6 48.Bf3 Ne8 49.Bd1  1/2-1/2

[Event "EU-chT Plovdiv"]
[Site "Plovdiv"]
[Date "1983.??.??"]
[Round "4"]
[White "Ljubojevic, Ljubomir"]
[Black "Lobron, Eric"]
[Result "1-0"]
[WhiteElo "2645"]
[BlackElo "2515"]

1.e4 c5 2.Nf3 e6 3.d4 cxd4 4.Nxd4 a6 5.Bd3 Bc5 6.Nb3 Ba7 7.O-O Nc6 8.Qg4 Nf6
9.Qxg7 Rg8 10.Qh6 Ne5 11.Be2 b5 12.Bg5 Rg6 13.Qh4 Bb7 14.N1d2 h6 15.Bxf6 Rxf6
16.Rad1 Ng6 17.Qxh6 Nf4 18.Qh8+ Ke7 19.Qxd8+ Rxd8 20.Bf3 Rh8 21.e5 Rg6 22.g3 Nh3+
23.Kg2 Nf4+ 24.Kh1 Rgh6 25.h4 Rxh4+ 26.gxh4 Rxh4+ 27.Kg1 Rh3 28.Rfe1 Rg3+
29.Kf1 Bxf3 30.Nxf3 Rxf3 31.Nd4 Rh3 32.Kg1 Rh4 33.c3 Bxd4 34.Rxd4 Rg4+ 35.Kf1 Rh4
36.f3 Rh1+ 37.Kf2 Nh3+ 38.Ke2 Rh2+ 39.Ke3 Rxb2 40.Red1 d5 41.exd6+ Kd7 42.R4d2 Rxd2
43.Rxd2 e5 44.Ke4 Ng5+ 45.Kd5 f6 46.Rh2  1-0

[Event "EU-chT Plovdiv"]
[Site "Plovdiv"]
[Date "1983.??.??"]
[Round "4"]
[White "Sax, Gyula"]
[Black "Velikov, Petar"]
[Result "1/2-1/2"]
[WhiteElo "2560"]
[BlackElo "2475"]

1.e4 c5 2.Nf3 e6 3.d4 cxd4 4.Nxd4 a6 5.Bd3 Nf6 6.O-O Qc7 7.f4 d6 8.Kh1 Nbd7
9.c4 Nc5 10.Nc3 Nxd3 11.Qxd3 Be7 12.b3 O-O 13.Bb2 b6 14.Rae1 Bb7 15.f5 e5
16.Nc2 b5 17.cxb5 axb5 18.Nb4 Qc5 19.a3 Rfc8 20.Rc1 Qb6 21.Ncd5 Nxd5 22.Nxd5 Bxd5
23.Qxd5 Bg5 24.Rc3 Rab8 25.Rg3 Bf6  1/2-1/2

[Event "Prague"]
[Site "Prague"]
[Date "1983.??.??"]
[Round "12"]
[White "Damjanovic, Mato"]
[Black "Adamski, Jan"]
[Result "1/2-1/2"]
[WhiteElo "2400"]
[BlackElo "2425"]

1.e4 c5 2.Nf3 e6 3.d4 cxd4 4.Nxd4 a6 5.Bd3 Nf6 6.O-O d6 7.Kh1 Nbd7 8.f4 g6
9.Nf3 Bg7 10.Nc3 O-O 11.a4 b6 12.Qe1 Bb7 13.Bd2 Nc5 14.b4 Nxd3 15.cxd3 e5
16.fxe5 dxe5 17.Bg5 Rc8 18.Rd1 h6 19.Bh4  1/2-1/2

[Event "Rome"]
[Site "Rome"]
[Date "1983.??.??"]
[Round "?"]
[White "Lobron, Eric"]
[Black "Gheorghiu, Florin"]
[Result "1/2-1/2"]
[WhiteElo "2515"]
[BlackElo "2495"]

1.e4 c5 2.Nf3 e6 3.d4 cxd4 4.Nxd4 a6 5.Bd3 Nf6 6.O-O d6 7.c4 b6 8.Nc3 Bb7
9.Be3 Nbd7 10.Rc1 Nc5 11.f3 Nxd3 12.Qxd3 Nd7 13.Rfd1 Rc8 14.Qe2 Qc7 15.Qf2 Be7
16.Qg3 g6 17.Bg5 Bxg5 18.Qxg5 Qd8 19.Qg3 Qe7 20.Nc2 Rxc4 21.Rxd6 O-O 22.Rcd1 Rc7
23.Ne3 h5 24.h4 Re8 25.Qg5 Kf8 26.Qh6+ Kg8 27.Qg5 Kf8 28.Qh6+ Kg8 29.Qg5  1/2-1/2

[Event "SWE-ch"]
[Site "?"]
[Date "1983.??.??"]
[Round "?"]
[White "Marklund, Goran"]
[Black "Winge, Stefan"]
[Result "1-0"]
[WhiteElo "2200"]
[BlackElo "2200"]

1.e4 c5 2.Nf3 e6 3.d4 cxd4 4.Nxd4 a6 5.Bd3 g6 6.O-O Bg7 7.Be3 Qc7 8.c4 d6
9.Nc3 Nf6 10.Rc1 Nbd7 11.Re1 O-O 12.b3 b6 13.f3 Bb7 14.Bf1 Rac8 15.Qd2 Ne8
16.Nde2 Bc6 17.Bg5 f6 18.Bf4 Ne5 19.Bg3 Qe7 20.Red1 g5 21.Nd4 Ba8 22.Na4 Rb8
23.b4 h5 24.c5 dxc5 25.bxc5 b5 26.Nb6 h4 27.Bxe5 fxe5 28.Nb3 Bc6 29.Na5 Ba8
30.Nd7 Rd8 31.c6 Rf7 32.c7 Rc8 33.Nb6 Rxc7 34.Nxa8 Rxc1 35.Rxc1 Qa7+ 36.Kh1 Qxa8
37.Qxg5 h3 38.Nc6 Kf8 39.Nxe5 Rc7 40.Rxc7 Nxc7 41.Qf4+  1-0

[Event "SWE-ch"]
[Site "?"]
[Date "1983.??.??"]
[Round "?"]
[White "Olsson, Ake"]
[Black "Winge, Stefan"]
[Result "1-0"]
[WhiteElo "2200"]
[BlackElo "2200"]

1.e4 c5 2.Nf3 e6 3.d4 cxd4 4.Nxd4 a6 5.Bd3 g6 6.Be3 Bg7 7.Nd2 Ne7 8.c3 d6
9.O-O Nd7 10.Bc2 O-O 11.f4 e5 12.N4f3 exf4 13.Bxf4 Ne5 14.Nxe5 Qb6+ 15.Kh1 dxe5
16.Bg5 f6 17.Bb3+ Be6 18.Bxe6+ Qxe6 19.Be3 f5 20.Qe2 f4 21.Bc5 Rac8 22.b4 Rfd8
23.Rad1 Bf6 24.Nc4 Nc6 25.Nb6 Rc7 26.a4 Nb8 27.Rxd8+ Bxd8 28.Rd1 Bh4 29.Nd5 Rf7
30.Rd3 Nd7 31.Bg1 Nf6 32.Nxf6+ Bxf6 33.b5 axb5 34.axb5 Kg7 35.Rd5 Rd7 36.c4 Bd8
37.Qd3 Rxd5 38.cxd5 Qc8 39.Qa3 Qc4 40.Qa8 Bf6 41.Qxb7+ Kh6 42.Qc6 Qxe4 43.Qxf6 Qxd5
44.b6 Kh5 45.Qe7 h6 46.Qc5 Qe4 47.Qf2 Kg5 48.Qf3 Qb1 49.Qd5 Kh4 50.Qxe5 g5
51.Qe6  1-0

[Event "SWE-ch"]
[Site "?"]
[Date "1983.??.??"]
[Round "?"]
[White "Marklund, Goran"]
[Black "Josefsson, K."]
[Result "1-0"]
[WhiteElo "2200"]
[BlackElo "2200"]

1.e4 c5 2.Nf3 e6 3.d4 cxd4 4.Nxd4 a6 5.Bd3 Bc5 6.Nb3 Ba7 7.Nc3 Nc6 8.Qe2 Nge7
9.Bd2 d6 10.O-O Ne5 11.Be3 N7c6 12.f4 Bxe3+ 13.Qxe3 Ng4 14.Qg3 Qb6+ 15.Kh1 h5
16.Be2 Bd7 17.Bxg4 hxg4 18.Rad1 O-O-O 19.Rxd6 Rh6 20.Rfd1 Rdh8 21.Rxd7 Qf2
22.R7d3 g5 23.fxg5 Rxh2+ 24.Qxh2 Rxh2+ 25.Kxh2 Ne5 26.Nd2 Qh4+ 27.Kg1 Nxd3
28.cxd3 Qxg5 29.Nf1 f5 30.exf5 exf5 31.g3 f4 32.gxf4 Qxf4 33.Ne2 Qa4 34.Rd2 Qxa2
35.d4 Qd5 36.Nc3 Qd6 37.d5 b5 38.Ne4 Qf4 39.Nfg3 a5 40.d6 Kd7 41.Rf2 Qe3
42.Kg2 Qc1 43.Nh5 Qc4 44.Nhf6+ Kd8 45.Kg3 Qd3+ 46.Kxg4 Qd1+ 47.Kf5 Qh1 48.d7 Qh3+
49.Ke5 Ke7 50.Rd2 Qe6+ 51.Kf4 Kd8 52.Rc2 Qa6 53.Rc8+ Qxc8 54.dxc8=Q+ Kxc8
55.Nd6+ Kc7 56.Nxb5+ Kb6 57.Na3 Kc5 58.Ne4+ Kd4 59.Nd2 Kc5 60.Ke4 Kb4 61.Kd5 Ka4
62.Kc6 Kb4 63.Nc2+  1-0

[Event "SWE-ch"]
[Site "?"]
[Date "1983.??.??"]
[Round "?"]
[White "Unander, Matts"]
[Black "Josefsson, K."]
[Result "1-0"]
[WhiteElo "2200"]
[BlackElo "2200"]

1.e4 c5 2.Ne2 e6 3.d4 cxd4 4.Nxd4 a6 5.Bd3 Bc5 6.Nb3 Ba7 7.Qe2 Nc6 8.Be3 Bxe3
9.Qxe3 Nf6 10.c4 Nb4 11.O-O O-O 12.Nc3 d6 13.Rfd1 e5 14.Rac1 Be6 15.Be2 Rc8
16.a3 Nc6 17.Na4 Na5 18.Nbc5 Qe7 19.Nxe6 Qxe6 20.c5 Qb3 21.Nc3 dxc5 22.Rd6 Rc6
23.Rcd1 Nc4 24.Bxc4 Qxc4 25.Rxc6 bxc6 26.Rd6 Rc8 27.Qh3 Re8 28.Rxc6 Nxe4
29.Qd7 Rf8 30.Rc8 Nf6 31.Rxf8+ Kxf8 32.Qd6+ Ke8 33.Qxe5+ Qe6 34.Qxe6+ fxe6
35.Kf1 Ke7 36.Ke2 Kd6 37.f3 h6 38.Kd3 Nd5 39.Ne4+ Kc6 40.g3 Kb5 41.Nd6+ Kc6
42.Nc4 Nf6 43.h4 Kd5 44.Ne3+ Kd6 45.g4 Ke5 46.Ng2 Nd5 47.Kc4 Kd6 48.b3 Nb6+
49.Kd3 Nd5 50.f4 Nf6 51.Ne3 Nd5 52.Nc4+ Ke7 53.Ke4 Nf6+ 54.Kf3 Nd7 55.g5 h5
56.Ke4 Nf8 57.f5 exf5+ 58.Kxf5 g6+ 59.Ke5 Ne6 60.Nd2 Nd4 61.Kd5 Ne6 62.Nf3 Nf4+
63.Kxc5 Ke6 64.Kb6 Kf5 65.Nh2 Ne6 66.b4 Kf4 67.Kxa6 Kg3 68.Nf1+ Kxh4 69.Kb6 Nf4
70.a4 Nd5+ 71.Kc5 Nc7 72.Kc6 Na6 73.b5 Nb4+ 74.Kc7 Nc2 75.b6 Kh3 76.Kc8 Nb4
77.b7 Na6 78.b8=Q Nxb8 79.Kxb8 Kg2 80.a5 Kxf1 81.a6 h4 82.a7 h3 83.a8=Q Kg1
84.Kc7 h2 85.Kd6  1-0